Co-management of living coastal resources in ASEAN : Theory, practice, and implicators for Viet Nam
में बचाया:
| स्वरूप: | पुस्तक |
|---|---|
| भाषा: | Undetermined |
| प्रकाशित: |
Hanoi
1995
|
| विषय: | |
| टैग : |
टैग जोड़ें
कोई टैग नहीं, इस रिकॉर्ड को टैग करने वाले पहले व्यक्ति बनें!
|
| Thư viện lưu trữ: | Trung tâm Học liệu Trường Đại học Cần Thơ |
|---|
| LEADER | 00486nam a2200157Ia 4500 | ||
|---|---|---|---|
| 001 | CTU_149598 | ||
| 008 | 210402s9999 xx 000 0 und d | ||
| 082 | |a 333.91 | ||
| 082 | |b C728 | ||
| 245 | 0 | |a Co-management of living coastal resources in ASEAN : | |
| 245 | 0 | |b Theory, practice, and implicators for Viet Nam | |
| 260 | |a Hanoi | ||
| 260 | |c 1995 | ||
| 650 | |a Marine resources,Tài nguyên biển | ||
| 904 | |i Nguyên | ||
| 980 | |a Trung tâm Học liệu Trường Đại học Cần Thơ | ||